000 00643nam a22001937a 4500
005 20140925124938.0
010 _aENG-110912
020 _a9788192958224
_c650.00
035 _aEN-94444
037 _bDBAD/PUB
082 _a302.2
100 _aMishra, Saroj Kumar
245 _aCommunication skills and information technology /
_cby Saroj Kumar Mishra
260 _aNew Delhi
_bGyan Geeta Prakashan
_c2014
270 _aF-7, Gali no. 1, Panchsheel Garden Ext. Naveen Shahdara
_bNew Delhi
_e110032
300 _a328p.
_c23cm(Hb)
500 _aIncludes bibliographical references and index
942 _2ddc
_cEN
_mMIS
_h302.2
999 _c88828
_d88828